Information security (Record no. 5723)

MARC details
000 -LEADER
fixed length control field 00404nam a2200157Ia 4500
003 - CONTROL NUMBER IDENTIFIER
control field SGT
020 ## - INTERNATIONAL STANDARD BOOK NUMBER
International Standard Book Number 9789383746439
082 ## - DEWEY DECIMAL CLASSIFICATION NUMBER
Classification number 4
Item number NAG
100 ## - MAIN ENTRY--PERSONAL NAME
Personal name Nagpal,D.P
245 ## - TITLE STATEMENT
Title Information security
260 ## - PUBLICATION, DISTRIBUTION, ETC. (IMPRINT)
Name of publisher, distributor, etc S.Chand & Company Ltd.
Place of publication, distribution, etc New Delhi
Year of Publication 2014
300 ## - PAGE DESCRIPTION
No. of Pages 574p.
650 ## - SUBJECT ADDED ENTRY--TOPICAL TERM
Topical term or geographic name as entry element COMPUTER SCIENCE
653 ## - KEYWORDS--INDEX TERM
Keyword term DATA COMMUNICATIONS, NETWORK MECHANISMS ,WIRELESS NETWORK SECURITY
942 ## - ADDED ENTRY ELEMENTS (KOHA)
Source of classification or shelving scheme Dewey Decimal Classification
Koha item type Books
Holdings
Withdrawn status Lost status Source of classification or shelving scheme Damaged status Not for loan Home library Current library Date acquired SGTU Total Checkouts Full call number Accession No. (Barcode) Date last seen Bill Date Koha item type
    Dewey Decimal Classification     SGT Engineering Library SGT Engineering Library 05/08/2014 SGTU   4 NAG FE6340 09/02/2015 09/02/2015 Books